Statistics for Most Religious Regions of Europe and North America (map)

Click here to take the quiz!

General Stats

  • This quiz has been taken 594 times
  • The average score is 29 of 42

Answers on the Map

Answers color-coded by a green-red scale on the quiz's map according to % correct below.
 

Answer Stats

Region% Correct
Texas
91%
Florida
87%
Alabama
85%
Louisiana
84%
Mississippi
84%
Georgia
83%
North Carolina
81%
South Carolina
81%
Oklahoma
80%
Arkansas
79%
Kentucky
79%
Tennessee
79%
Virginia
78%
Kansas
77%
Ohio
77%
Missouri
76%
New Mexico
76%
West Virginia
76%
New York
75%
Illinois
74%
Mexico
74%
Arizona
73%
Indiana
72%
Michigan
72%
Pennsylvania
72%
California
70%
Iowa
70%
North Dakota
70%
South Dakota
70%
Nebraska
68%
Wisconsin
67%
Maryland
64%
Minnesota
64%
Quebec
64%
Romania
63%
New Jersey
57%
Hawaii
49%
Rhode Island
48%
Connecticut
44%
Newfoundland and Labrador
39%
Malta
34%
Nunavut
29%

Score Distribution

Percentile by Number Answered

Percent of People with Each Score

Your Score History

You have not taken this quiz